កម្រងរឿង បញ្ចតន្រ្ត / (Record no. 1293)

MARC details
000 -LEADER
fixed length control field 01971nam a22002777a 4500
005 - DATE AND TIME OF LATEST TRANSACTION
control field 20250530110023.0
020 ## - INTERNATIONAL STANDARD BOOK NUMBER
International Standard Book Number 9789996305801
040 ## - CATALOGING SOURCE
Original cataloging agency FISKH
Language of cataloging eng
Transcribing agency FISKH
Modifying agency FISKH
082 ## - DEWEY DECIMAL CLASSIFICATION NUMBER
Classification number 398.20954
100 ## - MAIN ENTRY--PERSONAL NAME
Personal name Ahtma, Broson
Dates associated with a name 1954
245 ## - TITLE STATEMENT
Title កម្រងរឿង បញ្ចតន្រ្ត /
Remainder of title ល្បើកឥណ្ឌា :
Statement of responsibility, etc. បកប្រែពីសំស្រ្កឹតដោយ ប្រសន្ន-អាត្មា ; គូររូបដោយ អ៊ីម ពិសី
250 ## - EDITION STATEMENT
Edition statement បោះពុម្ពលើកទី ៤ មេសា ២០២២
260 ## - PUBLICATION, DISTRIBUTION, ETC.
Place of publication, distribution, etc. Phnom Penh :
Name of publisher, distributor, etc. Sipar,
Date of publication, distribution, etc. 2022.
300 ## - PHYSICAL DESCRIPTION
Extent 39 pages :
Other physical details color illustrations ;
Dimensions 20 cm
490 ## - SERIES STATEMENT
Series statement ខ្ញុំអានបាន
505 ## - FORMATTED CONTENTS NOTE
Formatted contents note Y <br/>
520 ## - SUMMARY, ETC.
Summary, etc. បញ្ចតន្រ្ត គឺជាកម្រងរឿងព្រេង និងល្បើកកថាអប់រំ ដែលរំលេចដោយ រូបភាព។ ក្នុងសៀវភៅនេះ យើងដកស្រង់យកតែរឿងល្អៗ ដែលផ្ដល់សារអប់រំដល់អ្នកអាន តាមរយះប្រធានបទខុសៗគ្នា ដូចជា ការចេះពិចារណា ការប្រុងប្រយ័ត្ន ការស្គាល់គុណ និងទោស។ស។​​
520 ## - SUMMARY, ETC.
Summary, etc. The book is a series of legends and educational stories highlighted by pictures. In this book, the author quotes only good stories that provide an educational message to the reader through different topics such as consideration, caution, gratitude and punishment.
521 ## - TARGET AUDIENCE NOTE
Target audience note 890 <br/>
Source Lexile estimate <br/>
521 ## - TARGET AUDIENCE NOTE
Target audience note Y <br/>
Source Raz-Plus <br/>
650 ## - SUBJECT ADDED ENTRY--TOPICAL TERM
Topical term or geographic name entry element សត្វ
Form subdivision ទំនៀមទម្លាប់
General subdivision រឿងព្រេង
650 ## - SUBJECT ADDED ENTRY--TOPICAL TERM
Topical term or geographic name entry element Animals
Form subdivision Folklore
General subdivision fairytale
700 ## - ADDED ENTRY--PERSONAL NAME
Personal name Pisey, Im
Titles and other words associated with a name illustrator
942 ## - ADDED ENTRY ELEMENTS (KOHA)
Source of classification or shelving scheme Dewey Decimal Classification
Koha item type Books
Suppress in OPAC No
999 ## -
-- 1293
-- 1293
Holdings
Withdrawn status Lost status Source of classification or shelving scheme Damaged status Not for loan Collection Home library Current library Shelving location Date acquired Total Checkouts Full call number Barcode Date due Date last seen Date last checked out Copy number Price effective from Koha item type
    Dewey Decimal Classification     Khmer Language Books / សៀវភៅភាសាខ្មែរ Footprints International School Library Network Toul Kork Campus Footprints International School Library Network Toul Kork Campus TTP Primary Khmer Bookshelves 08/11/2023 1 AHT 398.20954 2023-0241 11/27/2025 11/13/2025 11/13/2025 1 08/11/2023 Books
    Dewey Decimal Classification     Khmer Language Books / សៀវភៅភាសាខ្មែរ Footprints International School Library Network Toul Kork Campus Footprints International School Library Network Toul Kork Campus TK Campus, Room B402, Khmer Book Case 16, Shelves 112-123 / ទូរសៀវភៅខ្មែរលេខ ១៦​ ធ្នើរ ១១២ ដល់ ១២៣ បន្ទប់ B402 សាខាទួលគោក 08/11/2023   AHT 398.20954 2023-0242   08/11/2023   2 08/11/2023 Books
    Dewey Decimal Classification     Khmer Language Books / សៀវភៅភាសាខ្មែរ Footprints International School Library Network Toul Kork Campus Footprints International School Library Network Toul Kork Campus TK Campus, Room B402, Khmer Book Case 16, Shelves 112-123 / ទូរសៀវភៅខ្មែរលេខ ១៦​ ធ្នើរ ១១២ ដល់ ១២៣ បន្ទប់ B402 សាខាទួលគោក 08/11/2023 1 AHT 398.20954 FISTK05239   02/02/2026 01/05/2026 3 08/11/2023 Books
    Dewey Decimal Classification     Khmer Language Books / សៀវភៅភាសាខ្មែរ Footprints International School Library Network Toul Tom Poung Campus Footprints International School Library Network Toul Kork Campus TTP Secondary Khmer Bookshelves 03/26/2024 1 AHT 398.20954 FIS05167   03/11/2025 03/11/2025 5 03/26/2024 Books
    Dewey Decimal Classification     Khmer Language Books / សៀវភៅភាសាខ្មែរ Footprints International School Library Network Toul Tom Poung Campus Footprints International School Library Network Toul Tom Poung Campus TTP Primary Khmer Bookshelves 03/26/2024 1 AHT 398.20954 FISTK05104 04/15/2026 04/01/2026 04/01/2026 4 03/26/2024 Books
    Dewey Decimal Classification     Khmer Language Books / សៀវភៅភាសាខ្មែរ Footprints International School Library Network Toul Tom Poung Campus Footprints International School Library Network Toul Tom Poung Campus TTP Secondary Khmer Bookshelves 04/01/2025   AHT 398.20954 FIS02435   04/01/2025   6 04/01/2025 Books
    Dewey Decimal Classification     Khmer Language Books / សៀវភៅភាសាខ្មែរ Footprints International School Library Network Toul Tom Poung Campus Footprints International School Library Network Toul Tom Poung Campus TTP Primary Khmer Bookshelves 04/01/2025   AHT 398.20954 FISSE01558   04/01/2025   7 04/01/2025 Books
    Dewey Decimal Classification     Khmer Language Books / សៀវភៅភាសាខ្មែរ Footprints International School Library Network Toul Tom Poung Campus Footprints International School Library Network Toul Tom Poung Campus TTP Primary Khmer Bookshelves 04/01/2025   AHT 398.20954 FIS02436   04/01/2025   8 04/01/2025 Books